Visualizzazione normale
Vista MARC
- Boccaletti Licia
di Personal Name
Records bibliografici associati: 1
001 - CONTROL NUMBER
- control field: 62892
003 - CONTROL NUMBER IDENTIFIER
- control field:
005 - DATE AND TIME OF LATEST TRANSACTION
- control field: 20251212154158.0
008 - FIXED-LENGTH DATA ELEMENTS
- fixed length control field: 251212|| aca||aabn | a|a d
040 ## - CATALOGING SOURCE
- Original cataloging agency:
- Transcribing agency:
100 ## - HEADING--PERSONAL NAME
- Personal name: Boccaletti Licia
670 ## - SOURCE DATA FOUND
- Source citation: Work cat.: ()360689: Boccaletti Licia, Giovani caregiver., 2025